[Event "50smm A Brixen/Milland-Ehrenburg"]
[Site "?"]
[Date "2018.12.15"]
[Round "4.6"]
[White "Ellemund, Gabriel"]
[Black "Mayrhofer, Lino"]
[Result "1-0"]
[WhiteElo "1603"]
[BlackElo "1716"]
[PlyCount "75"]
[EventDate "2018.12.15"]
[SourceDate "2018.11.11"]

1. d4 Nf6 2. Bf4 d6 3. e3 g6 4. Nf3 Nh5 5. Bg5 h6 6. Bh4 g5 7. Nfd2 Nf6 8. Bg3
Nbd7 9. h4 g4 10. h5 c5 11. c3 cxd4 12. exd4 Qa5 13. Bc4 Nb6 14. Qe2 Qg5 15.
Na3 Nxc4 16. Naxc4 Be6 17. O-O-O O-O-O 18. Bh4 Qd5 19. b3 Bg7 20. Ne3 Qa5 21.
Ndc4 Qc7 22. Kb2 Rhg8 23. Rd2 Ne4 24. Rc2 Nf6 25. Bg3 a6 26. Qd3 b5 27. Nd2 Kb8
28. d5 Bd7 29. Nf5 Bxf5 30. Qxf5 Rc8 31. Kb1 Qc5 32. c4 b4 33. Re1 Rc7 34. Ne4
Nxe4 35. Rxe4 Rf8 36. Rxg4 Bf6 37. Bf4 a5 38. Be3 1-0

[Event "50smm A Deutschnofen-Richter/Lask"]
[Site "?"]
[Date "2018.12.15"]
[Round "4.1"]
[White "Moncher, Stefano"]
[Black "Manca, Federico"]
[Result "1/2-1/2"]
[WhiteElo "2193"]
[BlackElo "2407"]
[PlyCount "102"]
[EventDate "2018.12.15"]
[SourceDate "2018.11.11"]

1. e4 e5 2. Nf3 Nc6 3. Bb5 a6 4. Ba4 Nf6 5. O-O Be7 6. Re1 b5 7. Bb3 d6 8. c3
O-O 9. h3 Na5 10. Bc2 c5 11. d4 Qc7 12. Nbd2 cxd4 13. cxd4 Rd8 14. Nf1 exd4 15.
Nxd4 d5 16. e5 Ne4 17. Bf4 Bc5 18. Ne3 Qb6 19. Nb3 Nxb3 20. Bxb3 Bb7 21. Qg4
Qg6 22. Rad1 Qxg4 23. Nxg4 h5 24. Ne3 g5 25. Bh2 d4 26. Nf5 d3 27. Rxe4 Bxe4
28. Nh6+ Kg7 29. Nxf7 Rf8 30. e6 Be7 31. Re1 Bc6 32. Be5+ Kh7 33. g4 Rac8 34.
Rd1 h4 35. Bd4 Be4 36. Be3 Kg6 37. f3 Bxf3 38. Rxd3 Be4 39. Rd2 Bc5 40. Bxc5
Rxc5 41. e7 Rc1+ 42. Rd1 Rxd1+ 43. Bxd1 Kxf7 44. exf8=Q+ Kxf8 45. Kf2 Bd5 46.
Bb3 Bc6 47. Bd1 Ke7 48. Bf3 Kd6 49. Bxc6 Kxc6 50. Ke3 Kd5 51. Kd3 a5 1/2-1/2

[Event "50smm A Deutschnofen-Richter/Lask"]
[Site "?"]
[Date "2018.12.15"]
[Round "4.2"]
[White "Dappiano, Andrea"]
[Black "Voltolini, Giuseppe"]
[Result "1/2-1/2"]
[WhiteElo "2274"]
[BlackElo "2099"]
[PlyCount "90"]
[EventDate "2018.12.15"]
[SourceDate "2018.11.11"]

1. e4 e6 2. Nf3 d5 3. Nc3 Nf6 4. e5 Nfd7 5. d4 c5 6. dxc5 Nc6 7. Bf4 Nxc5 8.
Qd2 a6 9. O-O-O Be7 10. h4 b5 11. Bd3 b4 12. Ne2 Bd7 13. Kb1 Qb6 14. Be3 Qc7
15. Bxc5 Bxc5 16. Qg5 Bf8 17. Ned4 h6 18. Qf4 Qb6 19. Nxc6 Bxc6 20. Nd4 Bc5 21.
Nb3 a5 22. Rh3 Bb5 23. Nxc5 Qxc5 24. Bxb5+ Qxb5 25. Rg3 Qe2 26. Rc1 g6 27. Re3
Qc4 28. Qf6 Rg8 29. h5 Rc8 30. Rg3 Qe4 31. hxg6 Rxg6 32. Rxg6 Qxg6 33. Qf3 Rc4
34. b3 Rc3 35. Qe2 Kf8 36. Qb5 Kg7 37. Qxa5 Qe4 38. f3 Qd4 39. Qb5 Re3 40. Qf1
Qxe5 41. Qf2 Qd4 42. Qg3+ Kh7 43. Qc7 Kg7 44. Qg3+ Kh7 45. Qc7 Kg7 1/2-1/2

[Event "50smm A Deutschnofen-Richter/Lask"]
[Site "?"]
[Date "2018.12.15"]
[Round "4.3"]
[White "Bevilacqua, Maurizio"]
[Black "Zamengo, Fulvio"]
[Result "0-1"]
[WhiteElo "2060"]
[BlackElo "2309"]
[PlyCount "62"]
[EventDate "2018.12.15"]
[SourceDate "2018.11.11"]

1. c4 c5 2. g3 Nc6 3. Bg2 g6 4. Nc3 Bg7 5. a3 e6 6. Rb1 a5 7. d3 Nge7 8. e4 d6
9. Nge2 O-O 10. O-O f5 11. f4 Nd4 12. Nxd4 cxd4 13. Ne2 Qc7 14. b3 Rb8 15. Bb2
b5 16. cxb5 Rxb5 17. Kh1 e5 18. a4 Rb8 19. Ba3 Be6 20. fxe5 dxe5 21. Qd2 fxe4
22. Bxe4 Rxf1+ 23. Rxf1 Nf5 24. Rc1 Qd8 25. Rc5 Rxb3 26. Rxa5 Bh6 27. Nf4 Rxa3
28. Ra8 Ra1+ 29. Kg2 Ne3+ 30. Qxe3 Qxa8 31. Qf2 Ra2 0-1

[Event "50smm A Deutschnofen-Richter/Lask"]
[Site "?"]
[Date "2018.12.15"]
[Round "4.4"]
[White "Micheli, Carlo"]
[Black "Billio, Atto"]
[Result "1-0"]
[WhiteElo "2218"]
[BlackElo "2027"]
[PlyCount "39"]
[EventDate "2018.12.15"]
[SourceDate "2018.11.11"]

1. e4 c5 2. Nf3 e6 3. c4 Nc6 4. Nc3 g5 5. h3 Bg7 6. d3 h6 7. Be3 Nd4 8. Be2 Ne7
9. O-O Ng6 10. Nh2 Qc7 11. Bh5 Nf4 12. g3 Nxh5 13. Qxh5 Nc2 14. Nb5 Qc6 15.
Rac1 Nxe3 16. fxe3 O-O 17. Ng4 e5 18. Rf6 Bxf6 19. Nxh6+ Kg7 20. Nd6 1-0

[Event "50smm A Deutschnofen-Richter/Lask"]
[Site "?"]
[Date "2018.12.15"]
[Round "4.5"]
[White "Kowalczyk, Martin"]
[Black "Tonino, Filippo"]
[Result "1-0"]
[WhiteElo "1738"]
[BlackElo "1976"]
[PlyCount "90"]
[EventDate "2018.12.15"]
[SourceDate "2018.11.11"]

1. e4 d6 2. d4 Nf6 3. Nc3 g6 4. f4 Bg7 5. Nf3 c5 6. Bb5+ Bd7 7. Bxd7+ Nfxd7 8.
Ne2 Nf6 9. e5 dxe5 10. fxe5 Nd5 11. c4 Nb4 12. d5 b5 13. a3 Qa5 14. O-O N4a6
15. Bd2 Qb6 16. cxb5 Nc7 17. a4 O-O 18. Nc3 Nd7 19. Bf4 c4+ 20. Kh1 Qb7 21. d6
exd6 22. Qxd6 Ne6 23. Rad1 Rad8 24. Bg3 Nxe5 25. Qxf8+ Rxf8 26. Nxe5 Nc5 27.
Rd5 Ne4 28. Rd7 Nxg3+ 29. hxg3 Qc8 30. Nd5 Qc5 31. Nxf7 Rxf7 32. Rfxf7 Bxb2 33.
Rfe7 Qc8 34. Rxh7 Qb8 35. Rh4 c3 36. Ne7+ Kg7 37. Nf5+ Kf6 38. Nd4 Qc8 39. Rf4+
Ke5 40. Nc6+ Ke6 41. Re7+ Kd5 42. Rd4+ Kc5 43. Re5+ Kb6 44. a5+ Kb7 45. Re7+
Qc7 1-0

[Event "50smm A Deutschnofen-Richter/Lask"]
[Site "?"]
[Date "2018.12.15"]
[Round "4.6"]
[White "Thurner, Markus"]
[Black "Paparella, Stefano"]
[Result "1/2-1/2"]
[WhiteElo "1913"]
[BlackElo "1796"]
[PlyCount "84"]
[EventDate "2018.12.15"]
[SourceDate "2018.11.11"]

1. e4 e5 2. Nf3 Nc6 3. Bc4 Bc5 4. d3 d6 5. Be3 Bb6 6. c3 Nf6 7. Nbd2 h6 8. Bb3
Qe7 9. Nc4 Be6 10. Nxb6 axb6 11. O-O Bxb3 12. Qxb3 O-O 13. Nh4 Qe6 14. c4 Ne7
15. Qd1 Qg4 16. Qxg4 Nxg4 17. h3 Nf6 18. a3 Kh7 19. f4 exf4 20. Rxf4 Nd7 21.
Nf5 Nxf5 22. Rxf5 Ne5 23. Rd1 Rae8 24. Bd4 Nc6 25. Bc3 Re6 26. Rdf1 Kg8 27.
R5f3 Ne7 28. Rg3 Rg6 29. Rff3 Rxg3 30. Rxg3 f6 31. Kf2 Kf7 32. Ke2 g6 33. Rf3
Ke6 34. Kd2 g5 35. Kc2 Rf7 36. Re3 Ng6 37. g3 h5 38. Bd2 Ne5 39. Re2 Nf3 40.
Rf2 g4 41. h4 f5 42. Kc3 Re7 1/2-1/2

[Event "50smm A Groeden-Steinegg"]
[Site "?"]
[Date "2018.12.15"]
[Round "4.2"]
[White "Moroder, Stephan"]
[Black "Pichler, Martin"]
[Result "1-0"]
[WhiteElo "2149"]
[BlackElo "1824"]
[PlyCount "93"]
[EventDate "2018.12.15"]
[SourceDate "2018.11.11"]

1. Nf3 g6 2. c4 Bg7 3. d4 d6 4. g3 e5 5. Nc3 Nc6 6. dxe5 dxe5 7. Qxd8+ Kxd8 8.
Bg5+ f6 9. O-O-O+ Ke8 10. Nd5 fxg5 11. Nxc7+ Ke7 12. Nxa8 g4 13. Nd2 Nb4 14.
Nc7 Nxa2+ 15. Kb1 Nb4 16. e4 Nc6 17. Nb3 Nf6 18. Nd5+ Kf7 19. Bg2 Re8 20. Rde1
Nd7 21. h3 gxh3 22. Bxh3 Kg8 23. f4 a5 24. Nc7 Re7 25. Be6+ Kh8 26. f5 Nf8 27.
Nd5 Rxe6 28. fxe6 Bxe6 29. Nc5 Bg4 30. Nxb7 Ne6 31. Nd6 Ncd4 32. Ne7 Ng5 33.
Nxg6+ Kg8 34. Ne7+ Kf8 35. Nef5 Ndf3 36. Rd1 Nxe4 37. Rxh7 Nfd2+ 38. Kc2 Bxd1+
39. Kxd1 Nxd6 40. Nxd6 Nb3 41. Ne4 Kf7 42. Kc2 Nd4+ 43. Kd3 Kg6 44. Rh1 Bf8 45.
Rf1 Be7 46. c5 Nc6 47. Kc4 1-0

[Event "50smm A Groeden-Steinegg"]
[Site "?"]
[Date "2018.12.15"]
[Round "4.3"]
[White "Engl, Alexander"]
[Black "Bernardi, Ruben"]
[Result "0-1"]
[WhiteElo "1811"]
[BlackElo "2154"]
[PlyCount "104"]
[EventDate "2018.12.15"]
[SourceDate "2018.11.11"]

1. e4 d6 2. d4 Nf6 3. Nc3 c6 4. Be3 Nbd7 5. Qd2 e5 6. f3 Be7 7. Nge2 O-O 8. g4
b5 9. Ng3 exd4 10. Bxd4 b4 11. Nd1 Ne5 12. Be2 a5 13. Bf2 d5 14. g5 Ne8 15. h4
Nd6 16. Ne3 dxe4 17. fxe4 Be6 18. Qd4 Ng6 19. O-O-O Nb7 20. Ngf5 Qxd4 21. Nxd4
Bc5 22. Nef5 Nf4 23. Bf3 Rfe8 24. Bg3 Ng6 25. h5 Nf8 26. Rhe1 Rac8 27. Nxe6
Nxe6 28. Rd7 Nbd8 29. Bg4 Nf8 30. Rdd1 Nde6 31. Bd6 Rcd8 32. e5 Bxd6 33. Nxd6
Re7 34. Bf3 Rc7 35. Rg1 Nf4 36. Kb1 N8e6 37. Be4 Nxh5 38. Rdf1 Nhf4 39. Rg4 Ng6
40. Rh1 Nxe5 41. Bxh7+ Kf8 42. Re4 Rxd6 43. Rxe5 g6 44. Rxa5 Rcd7 45. Kc1 Kg7
46. Ra8 Nf8 47. Bxg6 Nxg6 48. a4 bxa3 49. bxa3 Rd5 50. Rg1 Nf4 51. Kb2 Rb7+ 52.
Kc3 Ne2+ 0-1

[Event "50smm A Groeden-Steinegg"]
[Site "?"]
[Date "2018.12.15"]
[Round "4.4"]
[White "Demetz, Rainer"]
[Black "Lantschner, Carmen"]
[Result "1-0"]
[WhiteElo "2177"]
[BlackElo "1695"]
[PlyCount "61"]
[EventDate "2018.12.15"]
[SourceDate "2018.11.11"]

{1200MB, Book2014.ctg, Ruben-PC} 1. e4 {[%emt 0:00:00]} 1... d6 2. d4 g6 3. Nf3
Bg7 4. Bc4 Nf6 5. Qe2 c6 6. e5 Nd5 7. h3 dxe5 8. dxe5 O-O 9. O-O Qc7 10. Rd1
Rd8 11. Bb3 Be6 12. c4 Nb6 13. Rxd8+ Qxd8 14. Nc3 N8d7 15. Bf4 Nc5 16. Rd1 Qc7
17. Ng5 Rd8 18. Qe3 Rxd1+ 19. Bxd1 Ncd7 20. Nxe6 fxe6 21. Bg4 Bxe5 22. Bxe6+
Kf8 23. Bh6+ Bg7 24. c5 Nd5 25. Bxd5 cxd5 26. Bxg7+ Kxg7 27. Qxe7+ Kh8 28. Nxd5
Qc6 29. Ne3 Kg8 30. b4 Nf6 31. a4 1-0

[Event "50smm A Groeden-Steinegg"]
[Site "?"]
[Date "2018.12.15"]
[Round "4.5"]
[White "Schroffenegger, Simon"]
[Black "Moroder, Thomas"]
[Result "1/2-1/2"]
[WhiteElo "1456"]
[BlackElo "1993"]
[PlyCount "72"]
[EventDate "2018.12.15"]
[SourceDate "2018.11.11"]

1. e4 c5 2. Nc3 Nc6 3. f4 g6 4. Nf3 Bg7 5. Bc4 e6 6. O-O Nge7 7. Qe1 O-O 8. Be2
d5 9. d3 b6 10. Qg3 Ba6 11. e5 Nf5 12. Qh3 Nfd4 13. Bd1 c4 14. Nxd4 Nxd4 15.
Ne2 Nc6 16. d4 c3 17. bxc3 Rc8 18. Rf2 Na5 19. g4 f5 20. g5 Rf7 21. Bd2 Bf8 22.
Ng3 Ba3 23. Be2 Nc4 24. Bc1 Bf8 25. Qf1 Rfc7 26. h4 Qe8 27. Qh3 Bb5 28. h5 Na3
29. hxg6 hxg6 30. Rh2 Rg7 31. Qh8+ Kf7 32. Nh5 Nxc2 33. Bxb5 Qxb5 34. Rxc2 Qd3
35. Ba3 Qe3+ 36. Rf2 gxh5 1/2-1/2

[Event "50smm A Groeden-Steinegg"]
[Site "?"]
[Date "2018.12.15"]
[Round "4.6"]
[White "Grossi, Christian"]
[Black "Schgaguler, Guenther"]
[Result "1-0"]
[WhiteElo "1845"]
[BlackElo "1515"]
[PlyCount "107"]
[EventDate "2018.12.15"]
[SourceDate "2018.11.11"]

1. d4 e6 2. c4 f5 3. Nc3 Nf6 4. g3 d5 5. Bg2 c6 6. Nf3 Bd6 7. O-O O-O 8. Ne5
Nbd7 9. cxd5 exd5 10. Bf4 Bc7 11. Rc1 Nxe5 12. dxe5 Nd7 13. e6 Nf6 14. Nxd5
Nxd5 15. Bxd5 Kh8 16. Bb3 Qe7 17. Bxc7 Qxc7 18. Rc5 Qe7 19. Re5 Rf6 20. Qd4
Bxe6 21. Qe3 Re8 22. Rd1 h6 23. f4 b6 24. Kf2 Kh7 25. Rd3 Qf7 26. Rd6 Bxb3 27.
Rxf6 Qxf6 28. Rxe8 Bd5 29. Qe5 Qg6 30. a3 Qh5 31. h4 Qg4 32. Re7 a6 33. Rd7 Be4
34. h5 Bd5 35. b4 b5 36. Qf6 Bc4 37. Qg6+ Qxg6 38. hxg6+ Kxg6 39. Rd6+ Kh5 40.
Rxc6 g5 41. e3 Bd3 42. Rxa6 Bc4 43. a4 bxa4 44. Rxa4 gxf4 45. exf4 Kg6 46. Ra7
Kf6 47. Rc7 Bd3 48. Rc6+ Kg7 49. Ke3 Bf1 50. Kd4 h5 51. Kc5 Kf7 52. b5 Ke7 53.
b6 Bg2 54. b7 1-0

[Event "50smm B Arci2-Kaltern/Tramin3"]
[Site "?"]
[Date "2018.12.15"]
[Round "4.5"]
[White "Sanin, Wilfried"]
[Black "Egger, Jakob"]
[Result "0-1"]
[WhiteElo "1522"]
[BlackElo "1253"]
[PlyCount "88"]
[EventDate "2018.12.15"]
[SourceDate "2018.11.11"]

1. d4 d5 2. Bf4 Nf6 3. e3 Bf5 4. Bd3 Bg6 5. Nc3 e6 6. a3 c5 7. Nf3 Be7 8. Ne5
Bxd3 9. Qxd3 O-O 10. h3 Nbd7 11. Nxd7 Qxd7 12. O-O Rac8 13. dxc5 Rxc5 14. Ne2
Rfc8 15. c3 Bd6 16. Bg5 Ne4 17. Bf4 Bxf4 18. exf4 Qb5 19. Qxb5 Rxb5 20. Rab1
Nd2 21. Nd4 Rb6 22. Nf3 Nxb1 23. Rxb1 Rxc3 24. Ne5 Rc7 25. b4 f6 26. Ng4 Rc2
27. Rb3 Rbc6 28. g3 R6c3 29. Ne3 Rc1+ 30. Kg2 Rxb3 31. f5 Rxe3 32. fxe3 exf5
33. Kf3 g5 34. g4 fxg4+ 35. Kxg4 Rc3 36. Kf5 Kf7 37. h4 gxh4 38. Kg4 Rxe3 39.
Kxh4 d4 40. Kg4 d3 41. Kf4 Re1 42. a4 d2 43. a5 d1=Q 44. Kf5 Qf3# 0-1

[Event "50smm B Groeden2-Gries"]
[Site "?"]
[Date "2018.12.15"]
[Round "4.3"]
[White "Niederstaetter, Harald"]
[Black "Scola, Matteo"]
[Result "1/2-1/2"]
[WhiteElo "1877"]
[BlackElo "1739"]
[PlyCount "76"]
[EventDate "2018.12.15"]
[SourceDate "2018.11.11"]

1. d4 Nf6 2. Bg5 Ne4 3. Bf4 c5 4. f3 Qa5+ 5. c3 Nf6 6. d5 g6 7. e4 d6 8. Na3
Nbd7 9. Nc4 Qc7 10. a4 Bg7 11. Bd3 Nh5 12. Bg5 Ne5 13. Nxe5 Bxe5 14. Ne2 h6 15.
Be3 g5 16. Qd2 Rg8 17. g4 Ng7 18. Bc4 Bd7 19. Nc1 f6 20. Nd3 O-O-O 21. Bb5 h5
22. Nxe5 dxe5 23. Bxd7+ Rxd7 24. Qf2 e6 25. c4 Qa5+ 26. Bd2 Qb6 27. O-O hxg4
28. fxg4 Qxb2 29. Qxc5+ Rc7 30. Qxa7 Qxd2 31. Qa8+ Kd7 32. Qxg8 Qd4+ 33. Kg2
Qxe4+ 34. Kg3 Nh5+ 35. gxh5 Qh4+ 36. Kf3 Qf4+ 37. Kg2 Qg4+ 38. Kf2 Qf4+ 1/2-1/2

[Event "50smm B Naturns2-Wipptal"]
[Site "?"]
[Date "2018.12.15"]
[Round "4.1"]
[White "De Bettin, Sergio"]
[Black "Gurschler, Thomas"]
[Result "0-1"]
[WhiteElo "1764"]
[BlackElo "1815"]
[PlyCount "51"]
[EventDate "2018.12.15"]
[SourceDate "2018.11.11"]

1. e4 g6 2. d4 Bg7 3. Nf3 c6 4. Nc3 d5 5. exd5 cxd5 6. Bf4 a6 7. Be5 Nf6 8. Bd3
Bg4 9. h3 Bxf3 10. Qxf3 e6 11. Qe3 Nc6 12. f4 O-O 13. O-O Nb4 14. a3 Nxd3 15.
Qxd3 b5 16. Ne2 Ne4 17. Bxg7 Kxg7 18. Ng3 f5 19. c3 Qb6 20. Rae1 Rac8 21. h4 h5
22. Re2 Rc6 23. Qf3 a5 24. Qe3 b4 25. axb4 axb4 26. Rf3 0-1

[Event "50smm A Ehrenburg-Arci"]
[Site "?"]
[Date "2019.01.12"]
[Round "5.1"]
[White "Olivetti, Davide"]
[Black "Erlacher, Michael"]
[Result "1-0"]
[WhiteElo "2028"]
[BlackElo "2186"]
[PlyCount "50"]
[EventDate "2019.01.12"]
[SourceDate "2018.11.11"]

1. e4 c5 2. Nf3 d6 3. d4 cxd4 4. Nxd4 Nf6 5. Nc3 g6 6. Be3 Bg7 7. g3 O-O 8. Bc4
Nc6 9. Bb3 Bd7 10. h4 h5 11. Qd2 Rc8 12. g4 hxg4 13. h5 gxh5 14. Nxc6 Rxc6 15.
Bh6 Qa5 16. Bxg7 Kxg7 17. Bd5 Rh8 18. Bxc6 bxc6 19. O-O-O a6 20. f3 gxf3 21. e5
Qxe5 22. Rhe1 Qc5 23. Rxe7 Bh3 24. Qf4 Qf5 25. Rg1+ Kf8 1-0

[Event "50smm A Ehrenburg-Arci"]
[Site "?"]
[Date "2019.01.12"]
[Round "5.2"]
[White "Christian, Hengl"]
[Black "Adzic, Ranko"]
[Result "1-0"]
[WhiteElo "2147"]
[BlackElo "1936"]
[PlyCount "119"]
[EventDate "2019.01.12"]
[SourceDate "2018.11.11"]

1. e4 e6 2. d4 d5 3. e5 c5 4. c3 Nc6 5. Nf3 Be7 6. a3 f6 7. Bd3 Qc7 8. Bf4 Qb6
9. b4 c4 10. Bc2 Bd7 11. O-O f5 12. h4 Nh6 13. Ng5 O-O-O 14. Nd2 Rdf8 15. Qe2
Ng4 16. f3 h6 17. fxg4 hxg5 18. hxg5 g6 19. gxf5 gxf5 20. Nf3 Rfg8 21. Qe3 Nd8
22. Kf2 Nf7 23. Rh1 Qd8 24. Rxh8 Nxh8 25. Rh1 Rg7 26. Bxf5 Ng6 27. Bxg6 Rxg6
28. Rh6 Qg8 29. g3 Qf7 30. Kg2 Bf8 31. Rh2 Ba4 32. Nh4 Rg8 33. Qd2 Qh5 34. Kg1
Kc7 35. Qe2 Qxe2 36. Rxe2 Bd1 37. Rf2 Be7 38. Kh2 Bg4 39. Be3 Kc6 40. Rf6 Kd7
41. Rh6 Bxg5 42. Bxg5 Rxg5 43. Kg2 Rg7 44. Ng6 b6 45. Kf2 a5 46. Nf4 axb4 47.
axb4 Bf5 48. Rf6 Bg4 49. Rg6 Rxg6 50. Nxg6 Ke8 51. Ke3 Kf7 52. Nh4 Kg7 53. Kf4
Bd1 54. Kg5 Bc2 55. Ng2 Kf7 56. Kh6 Bd3 57. g4 Be4 58. Nf4 Bc2 59. g5 Bf5 60.
g6+ 1-0

[Event "50smm A Ehrenburg-Arci"]
[Site "?"]
[Date "2019.01.12"]
[Round "5.3"]
[White "Alberto, Perino"]
[Black "Kapferer, Romed"]
[Result "0-1"]
[WhiteElo "1833"]
[BlackElo "2078"]
[PlyCount "92"]
[EventDate "2019.01.12"]
[SourceDate "2018.11.11"]

1. e4 c6 2. Nf3 d5 3. e5 Bg4 4. d4 e6 5. h3 Bh5 6. Be2 c5 7. c3 Nc6 8. O-O Bxf3
9. Bxf3 cxd4 10. cxd4 Qb6 11. Be3 Qxb2 12. Nd2 Bb4 13. Nb3 Qa3 14. Qd3 a6 15.
Be2 Na5 16. Rfb1 Nc4 17. Bc1 Qa4 18. a3 Bf8 19. f4 Qc6 20. f5 exf5 21. Bf4 Ne7
22. Bg3 Ng6 23. Qxf5 Be7 24. Bf2 b5 25. h4 Bxh4 26. Bxh4 Nxh4 27. Qg4 Ng6 28.
Bxc4 bxc4 29. Nc5 O-O 30. Nb7 Rab8 31. Nd6 Rxb1+ 32. Rxb1 c3 33. Rc1 c2 34. Qf5
Qc3 35. Qf2 Qxa3 36. Rxc2 f6 37. Ra2 Qc1+ 38. Kh2 fxe5 39. Qe2 Qf4+ 40. Kg1
Qxd4+ 41. Kh2 Qf4+ 42. Kg1 Qc1+ 43. Kh2 Rf1 44. Ra4 e4 45. Qg4 Rh1+ 46. Kg3
Qe1# 0-1

[Event "50smm A Ehrenburg-Arci"]
[Site "?"]
[Date "2019.01.12"]
[Round "5.4"]
[White "Babinetz, Rainer"]
[Black "Moser, Gabriele"]
[Result "1/2-1/2"]
[WhiteElo "1945"]
[BlackElo "1896"]
[PlyCount "65"]
[EventDate "2019.01.12"]
[SourceDate "2018.11.11"]

1. e4 c6 2. d4 d5 3. c4 dxe4 4. Nc3 Nf6 5. f3 h5 6. fxe4 Bg4 7. Be2 e5 8. Be3
Bb4 9. Qd3 Bxe2 10. Ngxe2 exd4 11. Qxd4 Qxd4 12. Bxd4 Nxe4 13. O-O Bxc3 14.
Nxc3 Nxc3 15. Rae1+ Kf8 16. bxc3 Nd7 17. Rd1 f6 18. Bxa7 Ke7 19. Rfe1+ Ne5 20.
Bc5+ Ke6 21. Re2 Rhd8 22. Rde1 Re8 23. Rb1 Reb8 24. Bb6 Rc8 25. Bd4 Rc7 26.
Rbe1 Kf7 27. c5 Nc4 28. Rb1 Na3 29. Rb3 Nb5 30. Bf2 Rd7 31. g3 Ra4 32. Reb2 Rc4
33. Bd4 1/2-1/2

[Event "50smm A Ehrenburg-Arci"]
[Site "?"]
[Date "2019.01.12"]
[Round "5.5"]
[White "De Nisi, Roberta"]
[Black "Alexander, Gruber"]
[Result "0-1"]
[WhiteElo "1797"]
[BlackElo "1803"]
[PlyCount "92"]
[EventDate "2019.01.12"]
[SourceDate "2018.11.11"]

1. d4 d5 2. c4 e6 3. Nf3 Nf6 4. Bg5 Be7 5. Nc3 O-O 6. e3 b6 7. cxd5 exd5 8. Qc2
Bb7 9. Bd3 Nbd7 10. O-O h6 11. Bh4 c5 12. Bf5 Re8 13. Bg3 Nh5 14. Be5 Nxe5 15.
Nxe5 Nf6 16. Ne2 Bd6 17. f4 Bc8 18. Rf3 Bxf5 19. Qxf5 Qc8 20. Ng3 Qe6 21. Qd3
Ne4 22. Nxe4 dxe4 23. Qxe4 f6 24. f5 Qe7 25. Qd5+ Kh7 26. Ng6 Qc7 27. Rh3 Rad8
28. Qf3 cxd4 29. exd4 Qc2 30. Rf1 Qxb2 31. Rxh6+ gxh6 32. Qb7+ Kg8 33. Qd5+ Kg7
34. Qb7+ Be7 35. Nxe7 Qxd4+ 36. Kh1 Rd7 37. Qf3 Rexe7 38. Qg3+ Kf8 39. Qg6 Qh4
40. g3 Qe4+ 41. Kg1 Qe3+ 42. Kh1 Qg5 43. h4 Qxg6 44. fxg6 Kg7 45. h5 Rd2 46. a4
Rd5 0-1

[Event "50smm A Ehrenburg-Arci"]
[Site "?"]
[Date "2019.01.12"]
[Round "5.6"]
[White "Zozin, Walter"]
[Black "Gaetano, Rinaldo"]
[Result "1/2-1/2"]
[WhiteElo "1768"]
[BlackElo "1730"]
[PlyCount "39"]
[EventDate "2019.01.12"]
[SourceDate "2018.11.11"]

1. f4 d5 2. Nf3 Nf6 3. e3 Nc6 4. Bb5 Bd7 5. O-O a6 6. Bxc6 Bxc6 7. b3 Bb5 8. d3
e6 9. a4 Bc6 10. Ne5 g6 11. Bb2 Bg7 12. Nd2 O-O 13. Nxc6 bxc6 14. Nf3 Ng4 15.
Bxg7 Kxg7 16. Qe1 Qd6 17. h3 Nf6 18. Qc3 c5 19. Rae1 Rfd8 20. Qb2 1/2-1/2

[Event "50smm A Kaltern/Tramin-Groeden"]
[Site "?"]
[Date "2019.01.12"]
[Round "5.1"]
[White "Bonagura, Stefano"]
[Black "Barp, Alberto"]
[Result "1/2-1/2"]
[WhiteElo "2402"]
[BlackElo "2213"]
[PlyCount "85"]
[EventDate "2019.01.12"]
[SourceDate "2018.11.11"]

1. e4 e5 2. Bc4 Nf6 3. d3 Nc6 4. Nf3 Bc5 5. c3 a6 6. Bb3 Ba7 7. O-O d6 8. Be3
O-O 9. Nbd2 h6 10. h3 Re8 11. Re1 Bxe3 12. Rxe3 d5 13. Bxd5 Nxd5 14. exd5 Qxd5
15. d4 Bd7 16. c4 Qd6 17. d5 Nd4 18. Ne4 Qb6 19. Qd2 f5 20. Nc3 f4 21. Rd3
Nxf3+ 22. Rxf3 Qd4 23. Qe2 b5 24. cxb5 axb5 25. Nxb5 Bxb5 26. Qxb5 Rab8 27. Qc6
Qxb2 28. Qc3 g5 29. Qxb2 Rxb2 30. Rc3 e4 31. Rxc7 e3 32. fxe3 Rxe3 33. d6 Ree2
34. d7 Rxg2+ 35. Kh1 Rh2+ 36. Kg1 Rbg2+ 37. Kf1 Rd2 38. Kg1 Rhg2+ 39. Kf1 f3
40. Rc8+ Kf7 41. d8=Q Rgf2+ 42. Kg1 Rg2+ 43. Kf1 1/2-1/2

[Event "50smm A Kaltern/Tramin-Groeden"]
[Site "?"]
[Date "2019.01.12"]
[Round "5.2"]
[White "Seresin, Francesco"]
[Black "Moroder, Stefan"]
[Result "0-1"]
[WhiteElo "2277"]
[BlackElo "2149"]
[PlyCount "66"]
[EventDate "2019.01.12"]
[SourceDate "2018.11.11"]

1. d4 Nf6 2. c4 g6 3. Nf3 Bg7 4. g3 O-O 5. Bg2 d6 6. O-O Nbd7 7. Nc3 e5 8. e4
c6 9. b3 Re8 10. h3 exd4 11. Nxd4 Nc5 12. Re1 a5 13. Bf4 Qb6 14. Bxd6 Nfxe4 15.
Nxe4 Nxe4 16. c5 Qb4 17. Nc2 Qxe1+ 18. Nxe1 Nc3 19. Qf3 Ne2+ 20. Kh2 Bxa1 21.
Nd3 Bg7 22. Bf1 Nd4 23. Qd1 Bf5 24. Ne5 Rxe5 25. Qxd4 Re1 26. Qc4 Rae8 27. Bg2
R1e2 28. g4 Bc8 29. Qa4 Rxf2 30. Qxa5 h6 31. Kg3 Rc2 32. Bf3 Bc3 33. Qc7 Be1+
0-1

[Event "50smm A Kaltern/Tramin-Groeden"]
[Site "?"]
[Date "2019.01.12"]
[Round "5.3"]
[White "Bernardi, Ruben"]
[Black "Paltrinieri, Nicholas"]
[Result "0-1"]
[WhiteElo "2154"]
[BlackElo "2245"]
[PlyCount "58"]
[EventDate "2019.01.12"]
[SourceDate "2018.11.11"]

1. e4 e6 2. d4 d5 3. Nd2 Be7 4. Bd3 c5 5. dxc5 Nf6 6. Qe2 a5 7. Ngf3 O-O 8. h4
h6 9. O-O Na6 10. Bxa6 Rxa6 11. Rd1 Qc7 12. e5 Ng4 13. Nb3 a4 14. Nbd4 Bxc5 15.
h5 f6 16. Bf4 Qf7 17. Bg3 Qxh5 18. Nh2 f5 19. f4 Nf6 20. Kf1 Ne4 21. Qe3 Bd7
22. Kg1 Rc8 23. Rac1 a3 24. b3 Ba7 25. Be1 Rxc2 26. Nhf3 Rxa2 27. Bb4 Ng3 28.
Bd2 Qh1+ 29. Kf2 Ne4+ 0-1

[Event "50smm A Kaltern/Tramin-Groeden"]
[Site "?"]
[Date "2019.01.12"]
[Round "5.4"]
[White "Bertagnolli, Alexander"]
[Black "Demetz, Rainer"]
[Result "1-0"]
[WhiteElo "2365"]
[BlackElo "2177"]
[PlyCount "79"]
[EventDate "2019.01.12"]
[SourceDate "2018.11.11"]

1. e4 d6 2. d4 Nf6 3. Bd3 e5 4. d5 g6 5. h3 c6 6. c4 Bg7 7. Nc3 O-O 8. g4 b5 9.
dxc6 bxc4 10. Bxc4 Nxc6 11. g5 Nh5 12. Bd5 Bd7 13. Be3 Rb8 14. Qd2 Nd4 15. Nce2
Be6 16. O-O-O Bxd5 17. exd5 Qc8+ 18. Nc3 Qc4 19. Nge2 Rfc8 20. Kb1 Nxe2 21.
Nxe2 Qe4+ 22. Qd3 Qf3 23. b3 a5 24. Ba7 Qxd3+ 25. Rxd3 Rb7 26. Be3 a4 27. Rc3
Rxc3 28. Nxc3 axb3 29. a4 e4 30. Nb5 Be5 31. Rc1 Nf4 32. Rc8+ Kg7 33. Bxf4 Bxf4
34. Kb2 Bxg5 35. Nxd6 Rb4 36. Rc4 Bf6+ 37. Ka3 b2 38. Rxb4 Be7 39. Ne8+ Kf8 40.
d6 1-0

[Event "50smm A Kaltern/Tramin-Groeden"]
[Site "?"]
[Date "2019.01.12"]
[Round "5.5"]
[White "Moroder, Thomas"]
[Black "Zucchelli, Massimo"]
[Result "1-0"]
[WhiteElo "1993"]
[BlackElo "2152"]
[PlyCount "80"]
[EventDate "2019.01.12"]
[SourceDate "2018.11.11"]

1. e4 e6 2. d4 d5 3. e5 c5 4. c3 Ne7 5. Nf3 Nec6 6. Be2 b6 7. Bg5 Be7 8. Bxe7
Qxe7 9. Na3 O-O 10. O-O c4 11. Nd2 a6 12. f4 b5 13. Nc2 g6 14. Rf3 Nd7 15. Rh3
Rd8 16. Nf3 f5 17. Qe1 Nf8 18. Ng5 Rb8 19. a3 a5 20. g4 Bd7 21. Ne3 Be8 22. Bf3
Qg7 23. Rg3 Ne7 24. Qd2 h6 25. Nxe6 Nxe6 26. gxf5 Nxf4 27. f6 Qf7 28. fxe7 Rd7
29. Ng4 Kg7 30. Nf6 Ne6 31. Nxd7 Bxd7 32. Bxd5 Qxe7 33. Rf1 g5 34. Rf6 Rf8 35.
Bxe6 Bxe6 36. Rgf3 Rd8 37. Qc2 Qe8 38. Qf2 Bd5 39. Rh3 h5 40. Qf5 g4 1-0